Hatchling / (Record no. 2631)

MARC details
000 -LEADER
fixed length control field 01143cam a2200301 a 4500
005 - DATE AND TIME OF LATEST TRANSACTION
control field 20240105135244.0
020 ## - INTERNATIONAL STANDARD BOOK NUMBER
International Standard Book Number 0679869840
020 ## - INTERNATIONAL STANDARD BOOK NUMBER
International Standard Book Number 090129003990
040 ## - CATALOGING SOURCE
Original cataloging agency MiWaOW
Transcribing agency MiWaOW
Modifying agency DLC
Language of cataloging eng
050 00 - LIBRARY OF CONGRESS CALL NUMBER
Classification number PZ7.S6851775
Item number Hat 1995
082 00 - DEWEY DECIMAL CLASSIFICATION NUMBER
Classification number 813.54
Edition number 20
100 1# - MAIN ENTRY--PERSONAL NAME
Personal name Snyder, Midori
245 10 - TITLE STATEMENT
Title Hatchling /
Statement of responsibility, etc. by Midori Snyder
260 ## - PUBLICATION, DISTRIBUTION, ETC.
Place of publication, distribution, etc. New York :
Name of publisher, distributor, etc. Random House,
Date of publication, distribution, etc. 1995
300 ## - PHYSICAL DESCRIPTION
Extent 148 pages :
Other physical details illustrations ; map ;
Dimensions 20 cm
490 ## - SERIES STATEMENT
Series statement Dinotopia
Volume/sequential designation Book 3
500 ## - GENERAL NOTE
General note "Bullseye books."
500 ## - GENERAL NOTE
General note "Based on Dinotopia by James Gurney"--T.p. verso.
505 ## - FORMATTED CONTENTS NOTE
Formatted contents note O
520 ## - SUMMARY, ETC.
Summary, etc. Janet, a young Hatchery apprentice, runs away when she accidentally endangers a dinosaur egg. Then she meets a gravely wounded Gryposaurus, a very rare dinosaur. Entrusted with the dying Gryposaurus's newly laid egg, Janet knows she must brave the wilds of Dinotopia--and return to an uncertain reception at the Hatchery.
521 0# - TARGET AUDIENCE NOTE
Target audience note 790
Source Lexile
521 0# - TARGET AUDIENCE NOTE
Target audience note O
Source Raz-Plus
650 #1 - SUBJECT ADDED ENTRY--TOPICAL TERM
Topical term or geographic name entry element Dinosaurs
General subdivision Fiction.
650 #1 - SUBJECT ADDED ENTRY--TOPICAL TERM
Topical term or geographic name entry element Fantasy.
906 ## - LOCAL DATA ELEMENT F, LDF (RLIN)
a 7
b cbc
c copycat
d 2
e opcn
f 19
g y-gencatlg
942 ## - ADDED ENTRY ELEMENTS (KOHA)
Source of classification or shelving scheme Dewey Decimal Classification
Koha item type Books
Suppress in OPAC No
999 ## -
-- 2631
-- 2631
Holdings
Withdrawn status Lost status Source of classification or shelving scheme Damaged status Not for loan Collection Home library Current library Shelving location Date acquired Total Checkouts Full call number Barcode Date last seen Date last checked out Price effective from Koha item type
    Dewey Decimal Classification     Juvenile Fiction Footprints International School Library Network Toul Tom Poung Campus Footprints International School Library Network Toul Tom Poung Campus TTP Secondary Fiction Bookshelves 01/05/2024 1 SNY 813.54 PZ7.S6851775 FIS00914 12/05/2025 12/05/2025 01/05/2024 Books